00429nam a22001457a 450000500170000000800410001702000150005804100250007308200140009810000250011224500800013726000090021730000320022665000250025820231026095129.0231026b |||||||| |||| 00| 0 eng d a0797018549 aEnglish / Afrikaans  a346.7 SOU lEnglish / Afrikaans  aSouth African Law Commission : Project 63. Review of the Law of Insolvency  c1989 bxviii, 149 pages ; c31 cm. aLegal practice bLaw